Euroopan Valtiot - Aakkosjärjestyksessä - Statistics

Yleistilastot
  • Tätä visaa on pelattu 3 062 kertaa
  • Keskiarvotulos 19 / 45
Vastaukset kartalla
Vastauksille on annettu kartalla punavihreä väri sen mukaan, kuinka moni on saanut sen oikein.
 
Vastaustilastot
Country % Oikein
⭐️ Alankomaat
97%
Albania
94%
Andorra
92%
⭐️ Belgia
86%
Bosnia ja Hertsegovina
78%
⭐️ Bulgaria
71%
⭐️ Espanja
69%
⭐️ Irlanti
61%
Islanti
60%
⭐️ Italia
59%
⭐️ Kreikka
52%
⭐️ Itävalta
51%
⭐️ Kroatia
49%
⭐️ Latvia
48%
Kosovo
47%
⭐️ Liettua
47%
Liechtenstein
46%
⭐️ Luxemburg
42%
⭐️ Malta
38%
Monaco
35%
Moldova
34%
Makedonia
33%
Montenegro
32%
Norja
32%
⭐️ Portugali
30%
⭐️ Ranska
30%
⭐️ Puola
29%
⭐️ Suomi
29%
⭐️ Ruotsi
28%
⭐️ Saksa
28%
Venäjä
28%
⭐️ Romania
27%
Valko-Venäjä
27%
⭐️ Viro
27%
⭐️ Yhdistynyt kuningaskunta
27%
Ukraina
26%
⭐️ Unkari
26%
Vatikaanivaltio
26%
Serbia
25%
⭐️ Slovakia
25%
⭐️ Slovenia
25%
⭐️ Tanska
25%
San Marino
24%
Sveitsi
24%
⭐️ Tšekki
23%
Ehtoja vastaavia visoja ei löytynyt
Tulosjakauma
Jokaisen tuloksen saaneiden osuus
Persentiili vastausten määrän mukaan
Tuloshistoriasi
Et ole pelannut tätä visaa